| 000 | 00490nam a2200121Ia 4500 | ||
|---|---|---|---|
| 008 | 220216s9999 xx 000 0 und d | ||
| 100 | _aAyswarya E P | ||
| 245 | 0 | _aPreparation and characterization of natural rubber-rice husk ash composites | |
| 260 | _bIRC 2012. International Rubber Conference, 28-31 October 2012, Kovalam, India, Rubber Research Institute of India, Kottayam and IRRDB, Malaysia: Abstracts. pp.110-111. | ||
| 650 | _aRice husk ash | ||
| 700 | _aThachil E T | ||
| 942 | _cJS | ||
| 999 |
_c65543 _d65543 |
||